000 00765nam a2200241Ia 4500
003 OSt
005 20220923211206.0
006 a|||||r|||| 00| 0
007 ta
008 Pun
020 _a9385609157 (pbk)
_c200
024 _a290,001
037 _b1017, 09/03/2016, H.K. Prakashan
_cTextual
040 _aARTS
_cARTS
_bPun
041 _2Pun
_aPun
082 _aY73(P153):351, 153Q6
100 _aਚਰਨਜੀਤ
_9159392
245 0 _aਸਿੱਨਣੀਆਂ
_b ਵਿਆਹ ਦੇ ਗੀਤ
260 _aਸਮਾਣਾ
_b ਨਵਰੰਗ ਪਬਲੀਕੇFਨਗ਼
_c2016
300 _a320ਪੰ
_ccm.
942 _hY73(P153):351, 153Q6
_cTEXL
_2CC
999 _c296615
_d296615